| 000 | 00409nam a2200145Ia 4500 | ||
|---|---|---|---|
| 008 | 230917s9999||||xx |||||||||||||| ||und|| | ||
| 040 |
_e4049 _aMAIN |
||
| 041 | _aEnglish | ||
| 082 | _a309.1 P846D | ||
| 100 | _aPoston, Richard Waverly | ||
| 245 | 0 | _aDemocracy speaks many tongues: Community development around the world | |
| 260 |
_aNew York _bHarper and Row _c1962 |
||
| 300 | _axviii, 206 p. | ||
| 942 | _cBK | ||
| 999 |
_c90721 _d90721 |
||